| 000 -LEADER |
| fixed length control field |
01898cam a22004577a 4500 |
| 001 - CONTROL NUMBER |
| control field |
14046526 |
| 003 - CONTROL NUMBER IDENTIFIER |
| control field |
OSt |
| 005 - DATE AND TIME OF LATEST TRANSACTION |
| control field |
20180116192417.0 |
| 008 - FIXED-LENGTH DATA ELEMENTS--GENERAL INFORMATION |
| fixed length control field |
050721s2004 gw a f bq 000 0 eng d |
| 010 ## - LIBRARY OF CONGRESS CONTROL NUMBER |
| LC control number |
2005299153 |
| 015 ## - NATIONAL BIBLIOGRAPHY NUMBER |
| National bibliography number |
GBA462170 |
| Source |
bnb |
| 016 7# - NATIONAL BIBLIOGRAPHIC AGENCY CONTROL NUMBER |
| Record control number |
012977432 |
| Source |
Uk |
| 016 7# - NATIONAL BIBLIOGRAPHIC AGENCY CONTROL NUMBER |
| Record control number |
971293643 |
| Source |
GyFmDB |
| 020 ## - INTERNATIONAL STANDARD BOOK NUMBER |
| International Standard Book Number |
3791331868 (hbk.) |
| 020 ## - INTERNATIONAL STANDARD BOOK NUMBER |
| International Standard Book Number |
9783791331867 |
| 035 ## - SYSTEM CONTROL NUMBER |
| System control number |
(OCoLC)ocm56654928 |
| 040 ## - CATALOGING SOURCE |
| Original cataloging agency |
UKM |
| Transcribing agency |
UKM |
| Modifying agency |
OHX |
| -- |
TXH |
| -- |
NGU |
| -- |
PMC |
| -- |
OCLCQ |
| -- |
OCL |
| -- |
DLC |
| 041 1# - LANGUAGE CODE |
| Language code of text/sound track or separate title |
eng |
| Language code of original |
ita |
| 042 ## - AUTHENTICATION CODE |
| Authentication code |
lccopycat |
| 050 00 - LIBRARY OF CONGRESS CALL NUMBER |
| Classification number |
NA1353.B67 |
| Item number |
A4 2004 |
| 072 #7 - SUBJECT CATEGORY CODE |
| Subject category code |
NA |
| Source |
lcco |
| 082 04 - DEWEY DECIMAL CLASSIFICATION NUMBER |
| Classification number |
720.9'7 |
| Edition number |
22 |
| 100 1# - MAIN ENTRY--PERSONAL NAME |
| Personal name |
Botta, Mario, |
| Dates associated with a name |
1943- |
| 9 (RLIN) |
6896 |
| 240 10 - UNIFORM TITLE |
| Uniform title |
Mario Botta. |
| Language of a work |
English |
| 245 10 - TITLE STATEMENT |
| Title |
Mario Botta : |
| Remainder of title |
light and gravity : architecture, 1993-2003 / |
| Statement of responsibility, etc. |
edited by Gabriele Cappellato ; with contributions by Mario Botta ... [et al. ; translated from the Italian by Catherine Bolton]. |
| 246 30 - VARYING FORM OF TITLE |
| Title proper/short title |
Light and gravity : architecture, 1993-2003 |
| 260 ## - PUBLICATION, DISTRIBUTION, ETC. |
| Place of publication, distribution, etc. |
Munich ; |
| -- |
London : |
| Name of publisher, distributor, etc. |
Prestel, |
| Date of publication, distribution, etc. |
2004. |
| 300 ## - PHYSICAL DESCRIPTION |
| Extent |
267 p. : |
| Other physical details |
ill. (some col.) ; |
| Dimensions |
28 cm. |
| 500 ## - GENERAL NOTE |
| General note |
Originally published in Italy in 2003 as Mario Botta : luce e gravità : architetture 1993-2003. |
| 504 ## - BIBLIOGRAPHY, ETC. NOTE |
| Bibliography, etc. note |
"Essential filmography": p. 267. |
| 504 ## - BIBLIOGRAPHY, ETC. NOTE |
| Bibliography, etc. note |
Includes bibliographical references (p. 264-266). |
| 505 2# - FORMATTED CONTENTS NOTE |
| Formatted contents note |
Light and gravity / Mario Botta -- "Bottiana" / Giuliano Gresleri -- Space, geometry and light / Lionello Puppi -- The drawings of Mario Botta / Heinrich Thelen. |
| 600 10 - SUBJECT ADDED ENTRY--PERSONAL NAME |
| Personal name |
Botta, Mario, |
| Dates associated with a name |
1943- |
| 9 (RLIN) |
6897 |
| 650 #0 - SUBJECT ADDED ENTRY--TOPICAL TERM |
| Topical term or geographic name entry element |
Architecture, Modern |
| Chronological subdivision |
20th century. |
| 9 (RLIN) |
6898 |
| 650 #0 - SUBJECT ADDED ENTRY--TOPICAL TERM |
| Topical term or geographic name entry element |
Architecture, Modern |
| Chronological subdivision |
21st century. |
| 9 (RLIN) |
6899 |
| 700 1# - ADDED ENTRY--PERSONAL NAME |
| Personal name |
Cappellato, Gabriele. |
| 9 (RLIN) |
6900 |
| 906 ## - LOCAL DATA ELEMENT F, LDF (RLIN) |
| a |
7 |
| b |
cbc |
| c |
copycat |
| d |
2 |
| e |
ncip |
| f |
20 |
| g |
y-gencatlg |
| 942 ## - ADDED ENTRY ELEMENTS (KOHA) |
| Source of classification or shelving scheme |
|
| Koha item type |
Book |